| 000 | 00449nam a2200181Ia 4500 | ||
|---|---|---|---|
| 003 | GCL | ||
| 008 | 140319s9999 xx 000 0 eng d | ||
| 040 |
_aGCL / _cGCL |
||
| 082 | 0 | 4 |
_a743.4 _bC D |
| 100 | 1 | _aCIVARDI, GIOVANNI | |
| 245 | 1 | 0 |
_aDRAWING THE MALE NUDE . / _cCIVARDI, GIOVANNI |
| 260 |
_a[S.N] : _bSTUDIO VISTA ، _c1996 |
||
| 300 | _a101 P | ||
| 650 | 0 | 4 | _aDRAWING |
| 650 | 0 | 4 | _aARTS |
| 650 | 0 | 4 | _aMALE NUDE DRAWING |
| 942 |
_2ddc _cBK |
||
| 999 |
_c13547 _d13547 |
||